[Event "IECG CP.2000.Q.00021"]
[Site "IECG email"]
[Date "2001.10.01"]
[Round "?"]
[White "Balcazar Novoa, Luis Marcos"]
[Black "Honkakoski, Paavo Ilmari"]
[Result "1-0"]
[WhiteElo "2077"]
[BlackElo "2004"]
[PlyCount "59"]
[EventDate "2001.10.01"]
[EventType "tourn (corr)"]
[EventRounds "6"]
[SourceTitle "Corr 2008"]
[Source "ChessBase"]
[SourceDate "2008.06.24"]
[SourceVersion "1"]
[SourceVersionDate "2008.06.24"]
[SourceQuality "1"]

1. Nf3 d5 2. g3 Nf6 3. Bg2 c6 4. 0-0 Bg4 5. d3 Nbd7 6. Nbd2 e5 7. h3 Bh5 8. g4 Bg6 9. Nh4 Bd6 10. e4 0-0 11. Nxg6 hxg6 12. g5 Nh5 13. exd5 cxd5 14. Bxd5 Qxg5+ 15. Qg4 Nf4 16. Qxg5 Nxh3+ 17. Kg2 Nxg5 18. Nc4 Be7 19. Bxb7 Rad8 20. Be3 Nc5 21. Bc6 Nge6 22. Nxe5 Bf6 23. Nc4 Rc8 24. Bd5 Nd4 25. c3 Nc2 26. Rad1 Nxe3+ 27. fxe3 Na4 28. e4 Rfd8 29. Rde1 Nc5 30. Re3 1-0

[Event "IECG CP.1999.S.00001"]
[Site "IECG email"]
[Date "2001.10.01"]
[Round "?"]
[White "Frost, Lionel B"]
[Black "Honkakoski, Paavo Ilmari"]
[Result "1-0"]
[WhiteElo "2184"]
[BlackElo "2004"]
[PlyCount "75"]
[EventDate "2001.10.01"]
[EventType "tourn (corr)"]
[EventRounds "6"]
[SourceTitle "Corr 2008"]
[Source "ChessBase"]
[SourceDate "2008.06.24"]
[SourceVersion "1"]
[SourceVersionDate "2008.06.24"]
[SourceQuality "1"]

1. e4 e6 2. d4 d5 3. Nc3 Bb4 4. e5 c5 5. a3 Bxc3+ 6. bxc3 Qc7 7. Qg4 f5 8. Qg3 cxd4 9. cxd4 Ne7 10. Ne2 0-0 11. c3 Ng6 12. h4 Rf7 13. Rb1 b6 14. h5 Nf8 15. Nf4 Ba6 16. Bxa6 Nxa6 17. Qd3 Qc8 18. h6 g6 19. Bd2 Rc7 20. 0-0 Rc4 21. Qg3 Nc7 22. Rb4 Ne8 23. Qf3 Qc6 24. Ra1 Rc8 25. Qg3 Qd7 26. Nd3 R8c7 27. a4 Rxb4 28. cxb4 Rc2 29. Qg5 Rc4 30. a5 Rxd4 31. axb6 axb6 32. Qe3 Rc4 33. Qxb6 Rc6 34. Qa5 Rc7 35. b5 Rc8 36. Bb4 Rb8 37. b6 Qd8 38. Bxf8 1-0

[Event "IECG CP.2000.Q.00021"]
[Site "IECG email"]
[Date "2001.10.01"]
[Round "?"]
[White "Honkakoski, Paavo Ilmari"]
[Black "Arndt, Stefan"]
[Result "1/2-1/2"]
[WhiteElo "2004"]
[BlackElo "2177"]
[PlyCount "45"]
[EventDate "2001.10.01"]
[EventType "tourn (corr)"]
[EventRounds "6"]
[SourceTitle "Corr 2008"]
[Source "ChessBase"]
[SourceDate "2008.06.24"]
[SourceVersion "1"]
[SourceVersionDate "2008.06.24"]
[SourceQuality "1"]

1. d4 Nf6 2. Bg5 Ne4 3. Bf4 c5 4. f3 Nf6 5. dxc5 Na6 6. e4 Nxc5 7. Nc3 Ne6 8. Be3 d6 9. Bb5+ Bd7 10. Bxd7+ Nxd7 11. Nge2 g6 12. 0-0 Bg7 13. a4 0-0 14. Nd5 b6 15. c3 Rc8 16. a5 bxa5 17. Qa4 Nc7 18. Qxa5 Nxd5 19. Qxd8 Rfxd8 20. exd5 Nb6 21. Bxb6 axb6 22. Ra6 b5 23. Rb6 1/2-1/2

[Event "IECG CA.2001.0.00007"]
[Site "IECG email"]
[Date "2001.06.14"]
[Round "?"]
[White "Honkakoski, Paavo Ilmari"]
[Black "Karlsson, Kurre"]
[Result "1/2-1/2"]
[WhiteElo "2004"]
[BlackElo "2025"]
[PlyCount "38"]
[EventDate "2001.06.14"]
[EventType "tourn (corr)"]
[EventRounds "6"]
[SourceTitle "Corr 2008"]
[Source "ChessBase"]
[SourceDate "2008.06.24"]
[SourceVersion "1"]
[SourceVersionDate "2008.06.24"]
[SourceQuality "1"]

1. d4 Nf6 2. Bg5 d5 3. Nc3 Bf5 4. e3 e6 5. Bd3 Bxd3 6. cxd3 Be7 7. Nf3 0-0 8. 0-0 Nbd7 9. Rc1 c5 10. dxc5 Nxc5 11. d4 Nce4 12. Nxe4 Nxe4 13. Bxe7 Qxe7 14. Nd2 Nd6 15. Qe2 Rac8 16. Nb1 Rc7 17. Rxc7 Qxc7 18. Nc3 Rc8 19. Rc1 b5 1/2-1/2

[Event "IECG CA.2001.0.00006"]
[Site "IECG email"]
[Date "2001.06.14"]
[Round "?"]
[White "Lovakovic, Franjo"]
[Black "Honkakoski, Paavo Ilmari"]
[Result "1/2-1/2"]
[WhiteElo "2144"]
[BlackElo "2004"]
[PlyCount "62"]
[EventDate "2001.06.14"]
[EventType "tourn (corr)"]
[EventRounds "6"]
[SourceTitle "Corr 2008"]
[Source "ChessBase"]
[SourceDate "2008.06.24"]
[SourceVersion "1"]
[SourceVersionDate "2008.06.24"]
[SourceQuality "1"]

1. d4 d5 2. c4 c6 3. Nf3 Nf6 4. cxd5 cxd5 5. Nc3 Nc6 6. Bf4 a6 7. Rc1 Bf5 8. e3 Rc8 9. Be2 e6 10. 0-0 Be7 11. Qb3 Qd7 12. Na4 Na5 13. Qb6 Nc4 14. Bxc4 dxc4 15. Nc5 Bxc5 16. dxc5 Nd5 17. Qd6 Qa4 18. Nd4 Rd8 19. Nxf5 Rxd6 20. Nxd6+ Ke7 21. Be5 f6 22. Bg3 Qxa2 23. Nxc4 Rd8 24. Nd6 Rd7 25. Rc2 Nb4 26. Rd2 Nc6 27. Rc1 Kf8 28. Rcd1 Qa5 29. Rc2 Qa4 30. Rcd2 Qa5 31. Rc2 Qa4 1/2-1/2

[Event "IECG CA.2001.0.00005"]
[Site "IECG email"]
[Date "2001.05.29"]
[Round "?"]
[White "Vaassen, Jack M"]
[Black "Honkakoski, Paavo Ilmari"]
[Result "1-0"]
[WhiteElo "2002"]
[BlackElo "2004"]
[PlyCount "71"]
[EventDate "2001.05.29"]
[EventType "tourn (corr)"]
[EventRounds "6"]
[SourceTitle "Corr 2008"]
[Source "ChessBase"]
[SourceDate "2008.06.24"]
[SourceVersion "1"]
[SourceVersionDate "2008.06.24"]
[SourceQuality "1"]

1. d4 d5 2. c4 c6 3. Nf3 Nf6 4. Nc3 dxc4 5. a4 Bf5 6. Ne5 Nbd7 7. Nxc4 Nb6 8. Ne5 a5 9. g3 e6 10. Bg2 Bb4 11. 0-0 0-0 12. e3 Nfd7 13. e4 Nxe5 14. exf5 Nec4 15. fxe6 fxe6 16. Ne4 h6 17. Qg4 Kh8 18. b3 Nd6 19. Nc5 Nd5 20. Ra2 Bxc5 21. dxc5 Nf5 22. Re2 Nf6 23. Qc4 Nd4 24. Re5 Qd7 25. Bb2 Rfd8 26. Rfe1 Rab8 27. Bc3 Ra8 28. f4 Kh7 29. h3 Nf5 30. Rxe6 Nd5 31. Qe4 Qf7 32. Bf6 Nxf6 33. Qxf5+ Kh8 34. Re7 Qxb3 35. Rxg7 Kxg7 36. Re7+ 1-0

[Event "IECG WC.2000.F.00002 email"]
[Site "IECG email"]
[Date "2000.11.01"]
[Round "?"]
[White "Honkakoski, Paavo Ilmari"]
[Black "Edighoffer, Harold H"]
[Result "1/2-1/2"]
[WhiteElo "1926"]
[BlackElo "2311"]
[PlyCount "48"]
[EventDate "2000.11.01"]
[EventType "tourn (corr)"]
[EventRounds "14"]
[SourceTitle "Corr 2008"]
[Source "ChessBase"]
[SourceDate "2008.06.24"]
[SourceVersion "1"]
[SourceVersionDate "2008.06.24"]
[SourceQuality "1"]

1. d4 d5 2. c4 dxc4 3. e4 b5 4. a4 c6 5. axb5 cxb5 6. Nc3 Bd7 7. Nf3 e6 8. Be2 Bb4 9. 0-0 a5 10. Ne5 Ne7 11. d5 Bxc3 12. bxc3 exd5 13. exd5 0-0 14. Bg5 h6 15. Bh4 g5 16. Bg3 Nf5 17. Bh5 Ra6 18. Qf3 Nd6 19. Rfe1 f5 20. Nxd7 Nxd7 21. Bxd6 Rxd6 22. Re6 Nc5 23. Rxd6 Qxd6 24. Rxa5 g4 1/2-1/2

[Event "IECG WC.2000.F.00002 email"]
[Site "IECG email"]
[Date "2000.11.01"]
[Round "?"]
[White "Honkakoski, Paavo Ilmari"]
[Black "Halwick, Floyd J Jr"]
[Result "1/2-1/2"]
[WhiteElo "1926"]
[BlackElo "2301"]
[PlyCount "79"]
[EventDate "2000.11.01"]
[EventType "tourn (corr)"]
[EventRounds "14"]
[SourceTitle "Corr 2008"]
[Source "ChessBase"]
[SourceDate "2008.06.24"]
[SourceVersion "1"]
[SourceVersionDate "2008.06.24"]
[SourceQuality "1"]

1. d4 Nf6 2. Nf3 g6 3. Bg5 Bg7 4. Nc3 d5 5. e3 0-0 6. Bd3 Nbd7 7. 0-0 c5 8. Re1 a6 9. e4 dxe4 10. Nxe4 cxd4 11. Nxd4 Nxe4 12. Bxe4 Nc5 13. Nb3 Nxe4 14. Rxe4 Bf5 15. Rxe7 Bxb2 16. Rb1 f6 17. Qxd8 Rfxd8 18. Bd2 Be5 19. Rc1 b5 20. Ba5 Re8 21. Rxe8+ Rxe8 22. g3 g5 23. c3 Rc8 24. Kf1 Kf7 25. Ke2 Be4 26. Ke3 f5 27. Rd1 Rc4 28. Rd7+ Kg6 29. f3 Bb1 30. Ra7 Rc6 31. Nd4 Bxd4+ 32. Kxd4 Bxa2 33. Bb4 h6 34. Rd7 Bb3 35. Rd6+ Rxd6+ 36. Bxd6 a5 37. Ke5 Bc4 38. Kd4 Be2 39. f4 Kf6 40. Bf8 1/2-1/2

[Event "IECG WC.2000.F.00002 email"]
[Site "IECG email"]
[Date "2000.11.01"]
[Round "?"]
[White "Honkakoski, Paavo Ilmari"]
[Black "Isaacson, David"]
[Result "1/2-1/2"]
[WhiteElo "1926"]
[BlackElo "1883"]
[PlyCount "43"]
[EventDate "2000.11.01"]
[EventType "tourn (corr)"]
[EventRounds "14"]
[SourceTitle "Corr 2008"]
[Source "ChessBase"]
[SourceDate "2008.06.24"]
[SourceVersion "1"]
[SourceVersionDate "2008.06.24"]
[SourceQuality "1"]

1. d4 Nf6 2. Nf3 e6 3. c4 b6 4. a3 Bb7 5. Nc3 d5 6. cxd5 Nxd5 7. e3 g6 8. Bd3 Bg7 9. Nxd5 exd5 10. b4 0-0 11. 0-0 Nd7 12. a4 a6 13. Ba3 Re8 14. Rc1 Bf8 15. Qb3 Bd6 16. b5 Bxa3 17. Qxa3 axb5 18. Bxb5 Re6 19. Bxd7 Qxd7 20. Ne5 Qe7 21. Qxe7 Rxe7 22. Ra1 1/2-1/2

[Event "IECG WC.2000.F.00002 email"]
[Site "IECG email"]
[Date "2000.11.01"]
[Round "?"]
[White "Muttoni, Guillermo Cesar"]
[Black "Honkakoski, Paavo Ilmari"]
[Result "1/2-1/2"]
[WhiteElo "2275"]
[BlackElo "1926"]
[PlyCount "133"]
[EventDate "2000.11.01"]
[EventType "tourn (corr)"]
[EventRounds "14"]
[SourceTitle "Corr 2008"]
[Source "ChessBase"]
[SourceDate "2008.06.24"]
[SourceVersion "1"]
[SourceVersionDate "2008.06.24"]
[SourceQuality "1"]

1. d4 d5 2. c4 c6 3. Nf3 Nf6 4. Nc3 dxc4 5. a4 Bf5 6. Nh4 e6 7. Nxf5 exf5 8. e3 Bb4 9. Bxc4 0-0 10. 0-0 Nbd7 11. f3 Qa5 12. Qc2 Rad8 13. Na2 Bd6 14. Bd2 Qc7 15. Qxf5 Bxh2+ 16. Kh1 Bd6 17. Nc3 Bb4 18. a5 Rfe8 19. e4 g6 20. Qg5 Nh5 21. Rfe1 Ne5 22. dxe5 Rxe5 23. Bxf7+ Kxf7 24. Bf4 Nxf4 25. Qxf4+ Kg7 26. Kg1 Bd6 27. Qg4 Rh5 28. Red1 Qe7 29. f4 Rh4 30. Qg5 Qxg5 31. fxg5 Rh5 32. a6 b5 33. b4 Be7 34. Rxd8 Bxd8 35. Kf2 Kf7 36. Kf3 Rxg5 37. Rd1 Ke7 38. Ne2 Bc7 39. Rc1 Kd7 40. Rd1+ Bd6 41. Nf4 c5 42. Nh3 Re5 43. Nf2 Kc6 44. Nd3 Rg5 45. bxc5 Bxc5 46. Kf4 h6 47. g4 Kb6 48. e5 Bd4 49. Rh1 Bc3 50. Rxh6 Bd2+ 51. Kf3 Bc3 52. e6 Bf6 53. Nf4 Re5 54. Rxg6 Be7 55. Nd3 Rd5 56. Ke4 Rd8 57. Rg7 Re8 58. Ne5 b4 59. Ng6 Bc5 60. Kd5 Kb5 61. Rc7 Rd8+ 62. Rd7 Rg8 63. Ne5 b3 64. Rb7+ Bb6 65. Rf7 b2 66. Rf1 Bc5 67. Rb1 1/2-1/2

[Event "IECG CP.1999.Q.00003"]
[Site "IECG email"]
[Date "2000.10.01"]
[Round "?"]
[White "Honkakoski, Paavo Ilmari"]
[Black "Lacoste, Alain"]
[Result "1/2-1/2"]
[WhiteElo "1926"]
[BlackElo "2097"]
[PlyCount "64"]
[EventDate "2000.10.01"]
[EventType "tourn (corr)"]
[EventRounds "8"]
[EventCountry "GER"]
[SourceTitle "Corr 2008"]
[Source "ChessBase"]
[SourceDate "2008.06.24"]
[SourceVersion "1"]
[SourceVersionDate "2008.06.24"]
[SourceQuality "1"]

1. d4 d5 2. c4 e6 3. Nc3 Nf6 4. cxd5 exd5 5. Bg5 c6 6. e3 Be7 7. Bd3 0-0 8. Qc2 Nbd7 9. Nge2 Re8 10. 0-0 Nf8 11. Rab1 Nh5 12. Bxe7 Qxe7 13. b4 Qg5 14. b5 Bh3 15. Ng3 Nxg3 16. hxg3 Bd7 17. bxc6 Bxc6 18. Bb5 Re7 19. Bxc6 bxc6 20. Ne2 Rc8 21. Rfc1 Rec7 22. Nf4 Nd7 23. Nd3 Qf6 24. Nc5 Nb6 25. Na6 Re7 26. Qc5 h6 27. Rb4 Nc4 28. Rcb1 Rce8 29. Rb8 Rxb8 30. Rxb8+ Kh7 31. Qb4 Qe6 32. Nc5 Qg4 1/2-1/2

[Event "IECG CP.1999.Q.00003"]
[Site "IECG email"]
[Date "2000.10.01"]
[Round "?"]
[White "Honkakoski, Paavo Ilmari"]
[Black "Meetze, Bill"]
[Result "1-0"]
[WhiteElo "1926"]
[BlackElo "1488"]
[PlyCount "53"]
[EventDate "2000.10.01"]
[EventType "tourn (corr)"]
[EventRounds "8"]
[EventCountry "GER"]
[SourceTitle "Corr 2008"]
[Source "ChessBase"]
[SourceDate "2008.06.24"]
[SourceVersion "1"]
[SourceVersionDate "2008.06.24"]
[SourceQuality "1"]

1. d4 d5 2. c4 dxc4 3. e4 e5 4. Nf3 Bb4+ 5. Nc3 exd4 6. Nxd4 Qe7 7. Bxc4 Nf6 8. 0-0 0-0 9. Bg5 Bxc3 10. Bxf6 Qxf6 11. bxc3 Nc6 12. Nxc6 Qxc6 13. Qb3 Rb8 14. Rad1 Qg6 15. e5 Bf5 16. Rd4 b5 17. Rfd1 Rfe8 18. a4 Bh3 19. Bf1 Bg4 20. R1d2 c5 21. Rd6 Be6 22. Qd1 b4 23. cxb4 cxb4 24. Bb5 Bh3 25. Rxg6 hxg6 26. gxh3 Rxe5 27. Rd8+ 1-0

[Event "IECG CP.1999.Q.00003"]
[Site "IECG email"]
[Date "2000.10.01"]
[Round "?"]
[White "Mrkvicka, Josef"]
[Black "Honkakoski, Paavo Ilmari"]
[Result "1/2-1/2"]
[WhiteElo "2352"]
[BlackElo "1926"]
[PlyCount "42"]
[EventDate "2000.10.01"]
[EventType "tourn (corr)"]
[EventRounds "8"]
[EventCountry "GER"]
[SourceTitle "Corr 2008"]
[Source "ChessBase"]
[SourceDate "2008.06.24"]
[SourceVersion "1"]
[SourceVersionDate "2008.06.24"]
[SourceQuality "1"]

1. e4 e6 2. d4 d5 3. e5 c5 4. c3 Nc6 5. Nf3 Qb6 6. a3 Nh6 7. b4 cxd4 8. Bxh6 gxh6 9. cxd4 Bd7 10. Nc3 Rc8 11. Na4 Qd8 12. Nc5 Bxc5 13. bxc5 b6 14. Rc1 bxc5 15. Rxc5 Na5 16. Qc2 Rxc5 17. Qxc5 Qb6 18. Qxb6 axb6 19. Bd3 0-0 20. h4 Rc8 21. Ke2 Nb3 1/2-1/2

[Event "IECG CP.2000.P.00035"]
[Site "IECG email"]
[Date "2000.10.01"]
[Round "?"]
[White "Nunez Velez, Walter"]
[Black "Honkakoski, Paavo Ilmari"]
[Result "0-1"]
[WhiteElo "2095"]
[BlackElo "1926"]
[PlyCount "32"]
[EventDate "2000.10.01"]
[EventType "tourn (corr)"]
[EventRounds "6"]
[EventCountry "FIN"]
[SourceTitle "Corr 2008"]
[Source "ChessBase"]
[SourceDate "2008.06.24"]
[SourceVersion "1"]
[SourceVersionDate "2008.06.24"]
[SourceQuality "1"]

1. e4 e6 2. d4 d5 3. c4 dxe4 4. Nc3 Nf6 5. f3 c5 6. d5 exd5 7. cxd5 exf3 8. Nxf3 Bd6 9. Bb5+ Nbd7 10. 0-0 0-0 11. Bg5 Qb6 12. Qd2 a6 13. Bxd7 Nxd7 14. Rad1 f6 15. Be3 Re8 16. Qf2 Qc7 0-1

[Event "IECG CP.1999.P.00037"]
[Site "IECG email"]
[Date "1999.10.01"]
[Round "?"]
[White "Tarmak, Mart"]
[Black "Honkakoski, Paavo Ilmari"]
[Result "1/2-1/2"]
[WhiteElo "2261"]
[BlackElo "1882"]
[PlyCount "49"]
[EventDate "1999.10.01"]
[EventType "tourn (corr)"]
[EventRounds "6"]
[EventCountry "ESP"]
[SourceTitle "Corr 2008"]
[Source "ChessBase"]
[SourceDate "2008.06.24"]
[SourceVersion "1"]
[SourceVersionDate "2008.06.24"]
[SourceQuality "1"]

1. e4 e6 2. d4 d5 3. Nd2 c5 4. exd5 Qxd5 5. Ngf3 cxd4 6. Bc4 Qd6 7. 0-0 Nf6 8. Nb3 Nc6 9. Nbxd4 Nxd4 10. Nxd4 a6 11. Re1 Qc7 12. Bb3 Bd7 13. c3 Bd6 14. h3 Bh2+ 15. Kh1 Bf4 16. Bxf4 Qxf4 17. Qf3 Qxf3 18. Nxf3 Ke7 19. Rad1 Rhd8 20. Nd4 Bc6 21. Kh2 Rac8 22. f4 g6 23. g4 Bd5 24. Bxd5 Rxd5 25. Kg3 1/2-1/2

[Event "IECG WC.2000.S.00004 email"]
[Site "IECG email"]
[Date "1999.??.??"]
[Round "?"]
[White "Honkakoski, Paavo Ilmari"]
[Black "Ivanov, Vladimir Ivanovich"]
[Result "0-1"]
[WhiteElo "1804"]
[BlackElo "2458"]
[PlyCount "90"]
[EventDate "1999.05.08"]
[EventType "tourn (corr)"]
[EventRounds "10"]
[SourceTitle "Corr 2008"]
[Source "ChessBase"]
[SourceDate "2008.06.24"]
[SourceVersion "1"]
[SourceVersionDate "2008.06.24"]
[SourceQuality "1"]

1. d4 d5 2. c4 e6 3. Nc3 Nf6 4. cxd5 exd5 5. Bg5 c6 6. e3 Be7 7. Bd3 Ne4 8. Bxe7 Qxe7 9. Qc2 Bf5 10. Nge2 Nd7 11. 0-0 Ndf6 12. Nxe4 dxe4 13. Bc4 0-0 14. Rfc1 a5 15. a3 a4 16. Ng3 Bc8 17. b4 axb3 18. Qxb3 Ra5 19. Qc3 Qc7 20. Qb3 h5 21. Ne2 Ng4 22. g3 h4 23. Nf4 hxg3 24. fxg3 Qd6 25. Be2 g5 26. Ng2 Nf6 27. Rf1 Kg7 28. Qc3 Ra8 29. Bc4 b5 30. Bb3 Rxa3 31. Rxa3 b4 32. Qd2 bxa3 33. Qa5 Nd5 34. Bxd5 cxd5 35. Ra1 Bh3 36. Qxa3 Qxa3 37. Rxa3 Rb8 38. Ra1 Rb2 39. Ne1 Re2 40. Rc1 Rxe3 41. Kf2 Rb3 42. Rc5 Be6 43. Nc2 Rd3 44. Rc6 Kf6 45. Rc7 Rd2+ 0-1

[Event "IECG WC.2000.S.00004 email"]
[Site "IECG email"]
[Date "1999.??.??"]
[Round "?"]
[White "Honkakoski, Paavo Ilmari"]
[Black "Ruscalleda, Francesco"]
[Result "1-0"]
[WhiteElo "1804"]
[BlackElo "1946"]
[PlyCount "51"]
[EventDate "1999.05.08"]
[EventType "tourn (corr)"]
[EventRounds "10"]
[SourceTitle "Corr 2008"]
[Source "ChessBase"]
[SourceDate "2008.06.24"]
[SourceVersion "1"]
[SourceVersionDate "2008.06.24"]
[SourceQuality "1"]

1. d4 g6 2. e4 Bg7 3. c3 d6 4. f4 Nf6 5. Bd3 0-0 6. Nf3 c6 7. 0-0 a5 8. a4 Na6 9. Na3 Nc7 10. Qe1 Qe8 11. Nc4 Nd7 12. f5 f6 13. fxg6 Qxg6 14. Nh4 Qe8 15. Nf5 Kh8 16. Qh4 Rg8 17. e5 Nf8 18. Nxg7 Rxg7 19. exf6 exf6 20. Bh6 Qd8 21. Bxg7+ Kxg7 22. Qg3+ Ng6 23. Nxd6 Ne8 24. Nxe8+ Qxe8 25. Rf3 h5 26. Re1 1-0

[Event "IECG WC.2000.S.00004 email"]
[Site "IECG email"]
[Date "1999.??.??"]
[Round "?"]
[White "Honkakoski, Paavo Ilmari"]
[Black "Simmelink, Joop Theo"]
[Result "1/2-1/2"]
[WhiteElo "1804"]
[BlackElo "2404"]
[PlyCount "59"]
[EventDate "1999.05.08"]
[EventType "tourn (corr)"]
[EventRounds "10"]
[SourceTitle "Corr 2008"]
[Source "ChessBase"]
[SourceDate "2008.06.24"]
[SourceVersion "1"]
[SourceVersionDate "2008.06.24"]
[SourceQuality "1"]

1. d4 Nc6 2. c4 Nf6 3. Nf3 e6 4. Nc3 Bb4 5. e3 0-0 6. Bd3 d6 7. Bd2 e5 8. d5 Nb8 9. a3 Bxc3 10. Bxc3 e4 11. Bxf6 Qxf6 12. Bxe4 Qxb2 13. 0-0 Qf6 14. Qc2 h6 15. Nd4 Na6 16. Bf5 Re8 17. Rab1 Nc5 18. Bxc8 Raxc8 19. Nb3 Ne4 20. Nd2 Nxd2 21. Qxd2 b6 22. Qd3 Re5 23. Rfe1 Rce8 24. f3 Qh4 25. Re2 f5 26. Rbe1 g5 27. g3 Qh3 28. e4 Rf8 29. exf5 Qxf5 30. Qxf5 1/2-1/2

[Event "IECG FI.1998.0.00001 Jim Krepp mem"]
[Site "IECG email"]
[Date "1998.??.??"]
[Round "?"]
[White "Bretz, Dennis"]
[Black "Honkakoski, Paavo Ilmari"]
[Result "1/2-1/2"]
[WhiteElo "1822"]
[BlackElo "1785"]
[PlyCount "90"]
[EventDate "1998.03.27"]
[EventType "tourn (corr)"]
[EventRounds "14"]
[SourceTitle "Corr 2008"]
[Source "ChessBase"]
[SourceDate "2008.06.24"]
[SourceVersion "1"]
[SourceVersionDate "2008.06.24"]
[SourceQuality "1"]

1. d4 d5 2. c4 c6 3. Nc3 Nf6 4. e3 g6 5. Nf3 Bg7 6. Be2 0-0 7. 0-0 dxc4 8. Bxc4 Bg4 9. h3 Bxf3 10. Qxf3 Nbd7 11. Rd1 e5 12. d5 e4 13. Nxe4 Nxe4 14. Qxe4 Nb6 15. Bb3 cxd5 16. Qb4 Rc8 17. a4 Qc7 18. a5 Nc4 19. Rxd5 Nxb2 20. Rb1 Nc4 21. Bxc4 Qxc4 22. Qxc4 Rxc4 23. Ba3 Rb8 24. Bc5 b6 25. axb6 axb6 26. Rxb6 Rc8 27. Bd4 h5 28. g3 R4c6 29. Rxc6 Rxc6 30. Rd8+ Kh7 31. Rd7 Kg8 32. Kg2 Bf6 33. g4 hxg4 34. hxg4 Bxd4 35. exd4 Rc3 36. Rd8+ Kg7 37. g5 f5 38. Rd7+ Kf8 39. f3 Rc6 40. d5 Rc4 41. Kg3 Rd4 42. d6 Rd3 43. Kf4 Rd5 44. Ke3 Rd1 45. Ke2 Rd5 1/2-1/2

[Event "IECG FI.1998.0.00001 Jim Krepp mem"]
[Site "IECG email"]
[Date "1998.??.??"]
[Round "?"]
[White "Colberg, Joerg Marc"]
[Black "Honkakoski, Paavo Ilmari"]
[Result "0-1"]
[WhiteElo "2003"]
[BlackElo "1785"]
[PlyCount "62"]
[EventDate "1998.03.27"]
[EventType "tourn (corr)"]
[EventRounds "14"]
[SourceTitle "Corr 2008"]
[Source "ChessBase"]
[SourceDate "2008.06.24"]
[SourceVersion "1"]
[SourceVersionDate "2008.06.24"]
[SourceQuality "1"]

1. d4 d5 2. c4 c6 3. Nf3 Nf6 4. Nc3 dxc4 5. a4 Bf5 6. Ne5 Nbd7 7. Nxc4 Qc7 8. g3 e5 9. dxe5 Nxe5 10. Bf4 Nfd7 11. Bg2 f6 12. 0-0 Rd8 13. Qc1 Be6 14. Ne4 Bb4 15. a5 0-0 16. Ra4 Be7 17. Nxe5 fxe5 18. Bg5 Nf6 19. Nxf6+ gxf6 20. Be3 c5 21. Qc2 f5 22. f4 e4 23. Rc1 Qd7 24. b3 Qb5 25. Rb1 h5 26. Bf2 Rd5 27. Be1 Bf6 28. e3 Rc8 29. Bf1 Qe8 30. Bc4 Rd6 31. Rc1 Bd5 0-1